Countries Where Rubies Are Found - Statistics

General Stats
  • This quiz has been taken 46 times
  • The average score is 12 of 23
Answer Stats
Country % Correct
China
89%
Brazil
84%
India
84%
United States
84%
Australia
76%
Pakistan
70%
Myanmar
68%
Vietnam
65%
Thailand
62%
Afghanistan
57%
Cambodia
54%
Nepal
51%
Kenya
49%
Tanzania
49%
Rwanda
43%
Sri Lanka
43%
Burundi
41%
Nigeria
38%
Malawi
35%
Tajikistan
35%
Madagascar
27%
Denmark (Greenland)
19%
Sierra Leone
11%
No matching quizzes found
Score Distribution
Percent of People with Each Score
Percentile by Number Answered
Your Score History
You have not taken this quiz